| 000 | 00650nam a2200193 a 4500 | ||
|---|---|---|---|
| 005 | 20220526063844.0 | ||
| 008 | 991125s1973 bue 000 0 spa u | ||
| 035 | _aUPN01000006982 | ||
| 049 | _aCG | ||
| 050 | 4 |
_aLB1633 A7.1 _bL3.2 |
|
| 100 | 1 |
_aLacau, María Hortensia Palisa Mujica de, _d1910-2006 _928851 |
|
| 245 | 1 | 0 |
_aCastellano actual : _blenguaje y comunicación / _cMaría Hortensia P. M. de Lacau. |
| 260 |
_aBuenos Aires : _bKapelusz, _c1973. |
||
| 300 | _a127 p. | ||
| 440 | 0 |
_aCompendios Kapelusz ; _v100 |
|
| 500 | _a"Para primer curso del ciclo básico" | ||
| 650 | 4 |
_aEspañol _xEstudio y enseñanza (Secundaria) _97237 |
|
| 905 | _aLibro | ||
| 999 |
_c6982 _d6982 |
||